00699 2200229 4500001002100000005001700021008004100038035002400079090001600103245007500119250001100194260008900205300001800294500002900312650003100341710003700372850001200409980001500421985000600436986001200442999001500454YOGYA-0209000004193120090227025824.0 ind  0010-020900000041931 a345bKetlT aKETENTUAN-Ketentuan Hukum Pidana Yang Ada Kaitannya Dengan Media Massa aCet. 4 aJakartabDireklorat Publikasi Direklorat Jenderal PPG Departemen Pemerangan RIc1999 a40 hlmc21 cm aBibliografi : hlm. 39-40 aHukum Pidana - Media Massa aINDONESIA. Departemen Penerangan aYOPDYOG a28-02-2007 a1 aPKL-UMY a07A0023190